Alle Städte in Oberbayern - Statistiken

Allgemein
  • Dieses Quiz wurde 43 mal gespielt
  • Das Durchschnittsergebnis liegt bei 28 aus 51
Antwortstatistiken
Kreis Einwohner Stadt % Korrekt
kreisfrei 1.505.005 München
100%
kreisfrei 65.274 Rosenheim
94%
Dachau 47.138 Dachau
91%
Erding 37.171 Erding
91%
Landsberg am Lech 29.257 Landsberg am Lech
91%
Miesbach 11.573 Miesbach
91%
Pfaffenhofen an der Ilm 26.996 Pfaffenhofen an der Ilm
91%
Traunstein 20.877 Traunstein
91%
Altötting 13.138 Altötting
89%
Bad Tölz-Wolfratshausen 19.826 Bad Tölz
89%
Eichstätt 13.891 Eichstätt
89%
Fürstenfeldbruck 37.420 Fürstenfeldbruck
89%
Mühldorf am Inn 22.503 Mühldorf am Inn
89%
Starnberg 24.471 Starnberg
89%
Ebersberg 12.408 Ebersberg
86%
Freising 48.928 Freising
86%
Neuburg-Schrobenhausen 30.135 Neuburg an der Donau
86%
kreisfrei 141.185 Ingolstadt
83%
Weilheim-Schongau 23.279 Weilheim in Oberbayern
83%
Neuburg-Schrobenhausen 17.815 Schrobenhausen
80%
Bad Tölz-Wolfratshausen 19.658 Wolfratshausen
80%
Weilheim-Schongau 12.572 Schongau
71%
Berchtesgadener Land 18.288 Bad Reichenhall
69%
Fürstenfeldbruck 40.916 Germering
49%
Traunstein 20.379 Traunreut
49%
Rosenheim 18.497 Bad Aibling
46%
Altötting 19.558 Burghausen
46%
Berchtesgadener Land 17.619 Freilassing
43%
Altötting 8.991 Neuötting
43%
München 17.656 Garching bei München
40%
Bad Tölz-Wolfratshausen 25.997 Geretsried
40%
Fürstenfeldbruck 27.310 Olching
40%
München 28.482 Unterschleißheim
40%
Mühldorf am Inn 25.737 Waldkraiburg
40%
Rosenheim 12.375 Wasserburg am Inn
37%
Ebersberg 13.942 Grafing bei München
34%
München 22.878 Haar
31%
Rosenheim 19.094 Kolbermoor
31%
Miesbach 3.567 Tegernsee
31%
Freising 20.012 Moosburg an der Isar
29%
Berchtesgadener Land 7.336 Laufen
26%
Traunstein 11.337 Trostberg
23%
Erding 14.759 Dorfen
20%
Altötting 9.496 Töging am Inn
20%
Mühldorf am Inn 6.334 Neumarkt-Sankt Veit
17%
Weilheim-Schongau 17.028 Penzberg
17%
Fürstenfeldbruck 20.858 Puchheim
14%
Traunstein 5.826 Tittmoning
14%
Eichstätt 10.218 Beilngries
6%
Pfaffenhofen an der Ilm 8.891 Vohburg an der Donau
6%
Pfaffenhofen an der Ilm 11.563 Geisenfeld
3%
Keine übereinstimmenden Quizze gefunden
Verteilung der Resultate
Anzahl Personen mit jedem Resultat
Perzentil nach korrekt beantworteten Fragen
Ihre Resultats-Entwicklung
Sie haben dieses Quiz noch nicht gespielt